Французское общество времен Филиппа Августа (Запись № 567852)

Подробности
000 -МАРКЕР
контрольное поле 01470nam0a2200337 4500
001 - ИДЕНТИФИКАТОР ЗАПИСИ
контрольное поле RU\NLR\bibl\102838
005 - ИДЕНТИФИКАТОР ВЕРСИИ
контрольное поле 20260406055754.0
010 ## - МЕЖДУНАРОДНЫЙ СТАНДАРТНЫЙ НОМЕР КНИГИ (ISBN)
Номер (ISBN) 5-8071-0023-9
Тираж 3000
021 ## - НОМЕР ГОСУДАРСТВЕННОЙ РЕГИСТРАЦИИ
Код страны Российская Федерация
Номер 2000-13009
Номер Листа государственной регистраци 634
035 ## - ДРУГИЕ СИСТЕМНЫЕ НОМЕРА
Идентификатор записи (NLR Aleph) 000100597
100 ## - ДАННЫЕ ОБЩЕЙ ОБРАБОТКИ
Данные общей обработки 20000810d1999 |||y0rusy50 ca
101 1# - ЯЗЫК РЕСУРСА
Язык текста, звукозаписи и т.д. русский
Язык оригинала французский
102 ## - СТРАНА ПУБЛИКАЦИИ ИЛИ ПРОИЗВОДСТВА
Страна публикации Российская Федерация
105 ## - ПОЛЕ КОДИРОВАННЫХ ДАННЫХ: ТЕКСТОВЫЕ МАТЕРИАЛЫ, МОНОГРАФИЧЕСКИЕ
Кодированные данные о монографическом текстовом документе y |||||||||
200 1# - ЗАГЛАВИЕ И СВЕДЕНИЯ ОБ ОТВЕТСТВЕННОСТИ
Основное заглавие Французское общество времен Филиппа Августа
Первые сведения об ответственности Ашиль Люшер
Последующие сведения об ответственности [Пер. с фр. к.и.н. Цыбулько Г.Ф.]
210 ## - ПУБЛИКАЦИЯ, РАСПРОСТРАНЕНИЕ И ДР.
Место издания, распространения и т.д. СПб.
Имя издателя, распространителя и т. д. Евразия
Дата издания, распространения и т.д. 1999
215 ## - ФИЗИЧЕСКАЯ ХАРАКТЕРИСТИКА
Специфическое обозначение материала и объем 412, [1] c.
Размеры 21
225 1# - СЕРИЯ
Основное заглавие серии CLIO
300 ## - ОБЩИЕ ПРИМЕЧАНИЯ
Текст примечания Загл. и авт. ориг.: La société française au temps de Philippe-Auguste/Achille Luchaire
454 #0 - ОРИГИНАЛ (ПЕРЕВОДА)
Встроенное поле 2001#$aLa société française au temps de Philippe-Auguste$fAchille Luchaire
Заглавие La société française au temps de Philippe-Auguste
607 ## - ГЕОГРАФИЧЕСКОЕ НАИМЕНОВАНИЕ КАК ПРЕДМЕТ
Географическое наименование Франция
Тематический подзаголовок Быт и нравы
Хронологический подзаголовок 13 в.
Системный номер авторитетной/нормативной записи 2175567
Идентификатор авторитетной/нормативной записи RU\NLR\auth\661308473
686 ## - ИНДЕКСЫ ДРУГИХ КЛАССИФИКАЦИЙ
Индекс Т3(4Фр)42-75
700 #1 - ИМЯ ЛИЦА - ПЕРВИЧНАЯ ОТВЕТСТВЕННОСТЬ
Код отношения Автор
Материалы, к которым относится поле rus
Графика поля Кириллица
Начальный элемент ввода Люшер
Часть имени, кроме начального элемента ввода А.
Даты 1846-1908
Расширение инициалов личного имени Ашиль
Идентификатор авторитетной/нормативной записи RU\NLR\auth\7710105
Системный номер авторитетной/нормативной записи 119889
702 #0 - ИМЯ ЛИЦА - ВТОРИЧНАЯ ОТВЕТСТВЕННОСТЬ
Код отношения Прочие
Материалы, к которым относится поле rus
Графика поля Кириллица
Начальный элемент ввода Филипп
Дополнения к именам, кроме дат король французский
Римские цифры II Август
Даты 1165-1223
Идентификатор авторитетной/нормативной записи RU\NLR\auth\7710104
Системный номер авторитетной/нормативной записи 119888
801 #0 - ИСТОЧНИК ЗАПИСИ
Страна Российская Федерация
Организация NLR
Дата составления 20000810
Правила каталогизации PSBO
801 #1 - ИСТОЧНИК ЗАПИСИ
Страна Российская Федерация
Организация NLR
Дата составления 20000810
852 ## - МЕСТОНАХОЖДЕНИЕ И ШИФР ХРАНЕНИЯ
Идентификатор организации NLR
Шифр хранения (Call Number) 2000-3/7367
942 ## - ДОПОЛНИТЕЛЬНЫЕ ЭЛЕМЕНТЫ ЗАПИСИ (АБИС)
Тип экземпляра АБИС Книга
980 ## - КОЛЛЕКЦИЯ
Название коллекции Национальная библиография
Экземпляры
Тип экземпляра Дата поступления Источник поступления Стоимость Библиотека постоянного хранения Библиотека текущего хранения Место хранения Шифр хранения Штрих-код Статус экземпляра
Книга 04.03.2003 Покупка 115.00 РНБ (Московский) РНБ (Московский) Обменный фонд, без заказа   434081  
Книга 10.08.2000 Обязательный экземпляр   РНБ (Московский) РНБ (Московский) Русский книжный фонд: издания с 1957 года 2000-3/7367 1-1714510  
Книга 10.08.2000 Обязательный экземпляр   РНБ (Московский) РНБ (Московский) Русский книжный фонд: издания с 1957 года 2000-3/7367 1-413211  
Книга 02.03.2003 Покупка 115.00 РНБ (Садовая) РНБ (Садовая) Фонд научного зала социально-экономической литературы С2 Т3(4Фр)/Л-969 1-117509